| 000 | 01223nam0a22003011 4500 | ||
|---|---|---|---|
| 001 | rc\2274635 | ||
| 005 | 20260406135532.0 | ||
| 035 | _a(NLR Aleph) 006554926 | ||
| 090 |
_a6780964 _c6780964 |
||
| 100 | _a20110829d1979 |||y0rusy50 ca | ||
| 101 | 0 | _arus | |
| 102 | _aRU | ||
| 105 | _aa j ||||| | ||
| 200 | 1 |
_aВопросы селекции, кормления и содержания сельскохозяйственных животных _e[Сб. статей] _fТадж. НИИ животноводства _g[Редкол.: С.И. Фарсыханов (отв. ред.) и др.] |
|
| 210 |
_aДушанбе _cНИИЖ _d1979 |
||
| 215 |
_a185 с. _cил. _d20 |
||
| 320 | _aБиблиогр. в конце статей | ||
| 606 |
_aЖивотноводство _yТаджССР _2psbo |
||
| 686 |
_aП5я43 _2rubbk |
||
| 702 | 1 |
_aФарсыханов _bС.И. _gСадыр Ишанханович _4340 |
|
| 712 | 0 | 2 |
_aТаджикский НИИ животноводства _cДушанбе _3RU\NLR\AUTH\889918506 _9333120 |
| 801 | 0 |
_aRU _bNLR _gpsbo |
|
| 801 | 1 |
_aRU _bELAR _2rusmarc |
|
| 852 |
_aNLR _j79-3/9280 |
||
| 899 |
_aRuMoRGB _jБ 79-25/509 |
||
| 899 |
_aRuMoRGB _jБ 79-25/510 |
||
| 942 | _cBOOK | ||
| 980 | _aNB | ||